[Event "Rio de Janeiro-ch 20th"]
[Site "Rio de Janeiro"]
[Date "1996.01.18"]
[Round "6"]
[White "Serrao, Carlos Frederico Pa"]
[Black "Conceicao, Jose"]
[Result "1/2-1/2"]
[WhiteElo "1640"]
[BlackElo "1680"]
[PlyCount "90"]
[EventDate "1996.01.13"]
[EventType "swiss"]
[EventRounds "7"]
[EventCountry "BRA"]
[SourceTitle "EXT 2006"]
[Source "ChessBase"]
[SourceDate "2005.11.24"]
[SourceVersion "1"]
[SourceVersionDate "2005.11.24"]
[SourceQuality "1"]

1. e4 d6 2. d4 Nf6 3. Nc3 g6 4. Nf3 Bg7 5. Be2 0-0 6. h3 e5 7. dxe5 dxe5 8. Qxd8 Rxd8 9. Bg5 h6 10. Bxf6 Bxf6 11. Nd5 Rxd5 12. exd5 e4 13. Nd2 Bxb2 14. Rd1 Bc3 15. 0-0 f5 16. Nb3 b6 17. Bc4 Kg7 18. Nd4 Na6 19. Ne6+ Kf6 20. d6 cxd6 21. Rxd6 Be5 22. Nc7+ Bxd6 23. Nxa8 Nb4 24. Rb1 Nc6 25. Nxb6 Be6 26. Bxe6 Kxe6 27. Nc4 Bc5 28. Kf1 g5 29. Rd1 f4 30. c3 a5 31. Ke2 a4 32. Rd2 a3 33. Rd1 h5 34. Rd2 g4 35. hxg4 hxg4 36. Rd1 Ne7 37. Rd8 Nd5 38. Re8+ Kf7 39. Rc8 Nxc3+ 40. Ke1 Bb4 41. Nxa3 Nxa2+ 42. Kf1 Bxa3 43. Ra8 Bc5 44. Rxa2 e3 45. fxe3 Bxe3 1/2-1/2

[Event "Rio de Janeiro-ch 20th"]
[Site "Rio de Janeiro"]
[Date "1996.01.15"]
[Round "3"]
[White "Conceicao, Jose"]
[Black "Fontes, Carlos Henrique Bat"]
[Result "0-1"]
[WhiteElo "1680"]
[BlackElo "2310"]
[PlyCount "74"]
[EventDate "1996.01.13"]
[EventType "swiss"]
[EventRounds "7"]
[EventCountry "BRA"]
[SourceTitle "EXT 2006"]
[Source "ChessBase"]
[SourceDate "2005.11.24"]
[SourceVersion "1"]
[SourceVersionDate "2005.11.24"]
[SourceQuality "1"]

1. f4 c5 2. e4 d5 3. exd5 Qxd5 4. Nc3 Qd8 5. Nf3 Nc6 6. Bb5 Bd7 7. 0-0 g6 8. d4 cxd4 9. Nxd4 Bg7 10. Nxc6 Qb6+ 11. Kh1 bxc6 12. Bd3 Nh6 13. Qe2 0-0 14. Qxe7 Rad8 15. Ne4 Ng4 16. h3 Nh6 17. f5 Nxf5 18. Qg5 h6 19. Qf4 Be6 20. Rb1 Bxa2 21. Ra1 Bd5 22. Ra6 Qd4 23. b3 Bxe4 24. Qxe4 Qxe4 25. Bxe4 Ng3+ 26. Kh2 Nxe4 27. Rxa7 Be5+ 28. g3 Nxg3 29. Re1 Ne2+ 30. Kg2 Bb8 31. Bxh6 Bxa7 32. Bxf8 Nf4+ 33. Kf3 Kxf8 34. Kxf4 Rd2 35. c4 Rd4+ 36. Ke5 Ke7 37. Ra1 f6# 0-1